000
00204 a2200085 4500
020
_a
9789386867391
100
_a
Norman Vincent Peale
245
_a
The Art of Living
260
_b
Jaico Publishing House
_c
2017
999
_c
13651
_d
13651